| 000 | 00437nam a2200133 4500 | ||
|---|---|---|---|
| 008 | 708 C993m | ||
| 020 | _a9789929813274 | ||
| 082 |
_a708 _bC993m |
||
| 100 |
_aLorenzana, Adrián (curador) _96357 |
||
| 245 |
_aNancuz: _bmagia y emociones |
||
| 260 |
_aGuatemala _bFundación Paiz para la Educación y la Cultura _c2017 |
||
| 300 |
_a100 p. _bill. (col) _c33 x 23 cm |
||
| 650 |
_xarte contemporáneo _xarte - artistas individuales _xGuatemala _96358 |
||
| 999 |
_c1478 _d1478 |
||